Ensayos de un Diccionario mitológico universal (Record no. 136943)

MARC details
000 -LEADER
campo de control de longitud fija 00879nam a2200217 4500
001 - NÚMERO DE CONTROL
campo de control 136943
003 - IDENTIFICADOR DE NÚMERO DE CONTROL
campo de control ES-MaACL
005 - FECHA Y HORA DE LA ÚLTIMA TRANSACCIÓN
campo de control 20231230063006.0
007 - CAMPO FIJO DE DESCRIPCIÓN FÍSICA--INFORMACIÓN GENERAL
campo de control de longitud fija t|
008 - DATOS DE LONGITUD FIJA--INFORMACIÓN GENERAL
campo de control de longitud fija 070214s1958 sp r ||||1| spa d
100 1# - ENTRADA PRINCIPAL--NOMBRE DE PERSONA
Nombre de persona Sainz de Robles, Federico Carlos,
Fechas asociadas al nombre 1898-1982
9 (RLIN) 101593
245 10 - MENCIÓN DEL TÍTULO
Título Ensayos de un Diccionario mitológico universal
Resto del título : ; precedido de un estudio acerca de los mitos y de las religiones paganas /
Mención de responsabilidad, etc. Federico Carlos Sainz de Robles ; con 553 ilustraciones interpretativas de Victoriano González Noriega.
250 ## - MENCION DE EDICION
Mención de edición 2ª ed. corr. y muy aum.
260 ## - PUBLICACIÓN, DISTRIBUCIÓN, ETC.
Lugar de publicación, distribución, etc. Madrid :
Nombre del editor, distribuidor, etc. Aguilar,
Fecha de publicación, distribución, etc. 1958.
300 ## - DESCRIPCIÓN FÍSICA
Extensión LIX, 820 p. :
Otras características físicas 553 il. ;
Dimensiones 25 cm.
700 1# - ENTRADA AGREGADA--NOMBRE PERSONAL
Nombre de persona González Noriega, Victoriano.
9 (RLIN) 58841
740 0# - ENTRADA AGREGADA--TÍTULO RELACIONADO/ANALÍTICO NO CONTROLADO
Título relacionado o analítico no controlado Diccionario mitológico universal.
740 0# - ENTRADA AGREGADA--TÍTULO RELACIONADO/ANALÍTICO NO CONTROLADO
Título relacionado o analítico no controlado Los mitos y las religiones paganas.
852 ## - LOCALIZACIÓN
Ubicación ES-MaACL
Número de control de estantería C-14186
Sublocalización o colección R.42180
Holdings
Estatus retirado Estado de pérdida Estado de daño No para préstamo Colección Biblioteca de origen Biblioteca actual Ubicación en estantería Fecha de adquisición Fuente de adquisición Total de préstamos Signatura topográfica completa Código de barras Visto por última vez Precio de reemplazo Tipo de ítem Koha
        Colección de referencia Biblioteca del Ateneo de Madrid Biblioteca del Ateneo de Madrid Sala Palomar 17/01/2008     C-14186 1142513 23/02/2023 23/02/2023 Libro impreso